000 00322 a2200145 4500
001 169241
020 _a
040 _cMagnum
100 _aCampos, Dinah Martins de Souza
240 1 0 _aPsicologia da aprendizagem
_lpor
245 1 0 _aPsicologia da aprendizagem
362 0 _a1899
697 _aPSICOLOGIA
942 _cBK
999 _c169241
_d169241